[Event "Lichtenberger Sommer"]
[Site "Berlin"]
[Date "2009.08.20"]
[Round "6.88"]
[White "Theilig, Reinhard"]
[Black "Küchler, Felix"]
[Result "1/2-1/2"]
[WhiteElo "1559"]
[BlackElo "1714"]
[PlyCount "76"]
[EventDate "2009.??.??"]
[WhiteTeam "SG TT/Wiheil"]
[BlackTeam "SC Friesen Lichtenberg e.V."]

1. Nf3 Nf6 2. c4 d5 3. g3 Bg4 4. Bg2 e6 5. O-O Be7 6. b3 O-O 7. Bb2 c6 8. d3
Qb6 9. Nbd2 Nbd7 10. a3 a5 11. Re1 Bxf3 12. Bxf3 Bc5 13. e3 e5 14. Rb1 Rfe8 15.
Bg2 Rad8 16. b4 axb4 17. axb4 Qxb4 18. Bxe5 Qa3 19. Bxf6 Nxf6 20. Qb3 dxc4 21.
Qxa3 Bxa3 22. Nxc4 Rxd3 23. Nxa3 Rxa3 24. Rxb7 Rc3 25. Reb1 h6 26. Rc7 c5 27.
Rbb7 Rc1+ 28. Bf1 Rf8 29. Kg2 Ne4 30. Bd3 Nd6 31. Rb6 Ne8 32. Rc8 Nf6 33. Rbb8
Nd7 34. Rxf8+ Nxf8 35. Rc8 g6 36. Kf3 Kg7 37. Ke2 Ne6 38. Kd2 Ra1 1/2-1/2

[Event "Lichtenberger Sommer"]
[Site "Berlin"]
[Date "2009.08.20"]
[Round "6.89"]
[White "Hamar, Dirk"]
[Black "Radloff, Rainer"]
[Result "0-1"]
[WhiteElo "1544"]
[BlackElo "1681"]
[PlyCount "60"]
[EventDate "2009.??.??"]
[WhiteTeam "SV Eutin von 1875"]
[BlackTeam "SC Weiße Dame e.V."]

1. c4 Nf6 2. Nc3 e6 3. Nf3 Be7 4. e4 d6 5. d4 O-O 6. Bf4 a6 7. Be2 Nbd7 8. O-O
b6 9. e5 dxe5 10. Nxe5 Bb7 11. Bf3 Bxf3 12. Qxf3 Bd6 13. Rfe1 h6 14. Rad1 Qc8
15. Nc6 Re8 16. d5 e5 17. Bc1 Nc5 18. h3 e4 19. Qe2 Nd3 20. Rf1 Nxc1 21. Rxc1
Qf5 22. Nd4 Qe5 23. Nf3 exf3 24. Qxe5 Rxe5 25. g3 Rae8 26. Rc2 Ne4 27. Nd1 Ng5
28. Kh2 Re2 29. Rc3 Ne4 30. Rxf3 Nd2 0-1

[Event "Lichtenberger Sommer"]
[Site "Berlin"]
[Date "2009.08.20"]
[Round "6.90"]
[White "Oberbacher, Michael"]
[Black "Krüger, Stefan"]
[Result "0-1"]
[WhiteElo "1301"]
[BlackElo "1609"]
[PlyCount "102"]
[EventDate "2009.??.??"]
[WhiteTeam "SC Braunschweig Gliesmarode v. 1"]
[BlackTeam "SC Friesen Lichtenberg e.V."]

1. e4 c5 2. Nf3 d6 3. h3 Nc6 4. Nc3 Nf6 5. d4 cxd4 6. Nxd4 g6 7. f4 Bg7 8. Nf3
O-O 9. Bc4 h6 10. Be3 a6 11. Qd2 b5 12. Bd3 b4 13. Nd1 Bb7 14. O-O Kh7 15. Rb1
a5 16. Nh4 Nd7 17. Nf3 Nc5 18. Nf2 Nxd3 19. cxd3 Ba6 20. Rfc1 Qd7 21. d4 Rfc8
22. b3 Na7 23. Rxc8 Rxc8 24. Nd1 Qe6 25. e5 Qf5 26. Rc1 Qd3 27. Nf2 Qxd2 28.
Bxd2 Rxc1+ 29. Bxc1 Nb5 30. Bb2 Bb7 31. Nd3 Be4 32. Nfe1 f6 33. Kf2 fxe5 34.
dxe5 dxe5 35. fxe5 e6 36. Ke3 Bd5 37. Nf4 Nc3 38. Kd4 g5 39. Nxd5 exd5 40. Nd3
Nxa2 41. Kxd5 Nc3+ 42. Bxc3 bxc3 43. Kd6 Bf8+ 44. Kd7 Kg7 45. Ke6 c2 46. g4 Ba3
47. Kd7 Kf7 48. e6+ Kf6 49. b4 Bxb4 50. Nxb4 c1=Q 51. e7 Qd2+ 0-1

[Event "Lichtenberger Sommer"]
[Site "Berlin"]
[Date "2009.08.20"]
[Round "6.91"]
[White "Geldner, Gerrit"]
[Black "Stolze, Dirk"]
[Result "1-0"]
[WhiteElo "1091"]
[BlackElo "1536"]
[PlyCount "62"]
[EventDate "2009.??.??"]
[WhiteTeam "SC Friesen Lichtenberg e.V."]
[BlackTeam "SK Tempelhof 1931 e.V."]

1. e4 c6 2. d4 d5 3. exd5 cxd5 4. Nc3 a6 5. Bf4 Nf6 6. Nf3 Nc6 7. h3 Bf5 8. Be2
e6 9. O-O Be7 10. a3 O-O 11. Rb1 Ne4 12. Qe1 b5 13. Be3 b4 14. Nxe4 Bxe4 15.
Qd2 b3 16. Bd3 bxc2 17. Qxc2 Bxd3 18. Qxd3 a5 19. Rfc1 Qb6 20. Rc2 Rfc8 21.
Rbc1 Ra7 22. Ne5 Rac7 23. Qc3 Nb4 24. Qxc7 Rxc7 25. Rxc7 Qd6 26. axb4 h5 27.
bxa5 Kh7 28. Nxf7 Qb4 29. a6 Bd6 30. Nxd6 Qxd6 31. a7 Qb6 1-0

[Event "Lichtenberger Sommer"]
[Site "Berlin"]
[Date "2009.08.20"]
[Round "6.92"]
[White "Möller, Dirk"]
[Black "Schneider, Eckehard"]
[Result "0-1"]
[WhiteElo "1602"]
[BlackElo "1787"]
[PlyCount "92"]
[EventDate "2009.??.??"]
[WhiteTeam "SC Kreuzberg e.V."]
[BlackTeam "Sfrd. Berlin 1903 e.V."]

1. e4 e6 2. d4 d5 3. Nc3 Nf6 4. e5 Nfd7 5. Nf3 c5 6. Be2 Nc6 7. dxc5 Ndxe5 8.
Nxe5 Nxe5 9. b4 Bd7 10. O-O b6 11. Bf4 Ng6 12. Bd6 bxc5 13. Nb5 Bxd6 14. Nxd6+
Kf8 15. bxc5 Bc6 16. Qd4 Qf6 17. Qd2 d4 18. a4 Nf4 19. f3 Qg5 20. Kf2 Qh4+ 21.
Kg1 Qg5 22. Kf2 Qxg2+ 23. Ke1 Qxh2 24. Bb5 Qg3+ 25. Qf2 Qxf2+ 26. Kxf2 Bd5 27.
Rfe1 a6 28. Bf1 f6 29. Rab1 g6 30. Rb6 Ke7 31. Bxa6 f5 32. Bb5 h5 33. Kg3 h4+
34. Kxf4 Kf6 35. Ne8+ Rhxe8 36. Rg1 Re7 37. c3 dxc3 38. Rc1 g5+ 39. Ke3 h3 40.
Kf2 Rh7 41. Rh1 g4 42. c6 h2 43. Kg3 Bxf3 44. Rxh2 Rxh2 45. Kxh2 c2 46. c7 c1=Q
0-1

[Event "Lichtenberger Sommer"]
[Site "Berlin"]
[Date "2009.08.20"]
[Round "6.93"]
[White "Bauer, Stefan"]
[Black "Heyne, Klaus"]
[Result "1-0"]
[WhiteElo "1773"]
[BlackElo "1169"]
[PlyCount "37"]
[EventDate "2009.??.??"]
[WhiteTeam "SC Kreuzberg e.V."]
[BlackTeam "SC Rotation Pankow e.V."]

1. Nf3 Nf6 2. d4 d5 3. c4 c6 4. cxd5 cxd5 5. Nc3 e6 6. Bg5 Be7 7. e3 a6 8. Bd3
h6 9. Bh4 Nbd7 10. O-O g5 11. Bg3 Nh5 12. Be5 Nxe5 13. Nxe5 Nf6 14. f4 gxf4 15.
Rxf4 Bd6 16. Qf3 Qe7 17. Rxf6 Bxe5 18. dxe5 b5 19. Rf1 1-0

[Event "Lichtenberger Sommer"]
[Site "Berlin"]
[Date "2009.08.20"]
[Round "6.94"]
[White "Völler, Lothar"]
[Black "Stark, Steven"]
[Result "1-0"]
[WhiteElo "1509"]
[BlackElo "1169"]
[PlyCount "119"]
[EventDate "2009.??.??"]
[WhiteTeam "Freier Sportverein von 1898 Dort"]
[BlackTeam "VfB Hermsdorf e.V."]

1. e4 g6 2. d4 Bg7 3. c3 Nf6 4. Bd3 O-O 5. f4 b6 6. Nf3 Bb7 7. Qe2 d6 8. h3 Nh5
9. Qf2 Qd7 10. Be3 Bf6 11. Ng5 Bxg5 12. fxg5 a5 13. g4 Ng7 14. Na3 Ba6 15. Qe2
d5 16. Bxa6 Nxa6 17. e5 c6 18. Nc2 b5 19. O-O e6 20. a3 Ne8 21. Ne1 Qc7 22. Nd3
Qb7 23. Rf3 b4 24. axb4 axb4 25. cxb4 Nxb4 26. Rxa8 Qxa8 27. Nxb4 Qa4 28. Nd3
Nc7 29. Nc5 Qc4 30. Qxc4 dxc4 31. Bd2 Nd5 32. Bc3 Rb8 33. Nd7 Rb3 34. Nf6+ Kg7
35. Nxd5 cxd5 36. h4 Kg8 37. Kf2 Kf8 38. Ke2 Ke8 39. Kd2 Rb7 40. Rh3 Kf8 41. h5
Kg7 42. h6+ Kf8 43. Rh1 Ra7 44. Rb1 Ra2 45. Bb4+ Ke8 46. Ba3 Kd7 47. Rf1 Ke8
48. Kc2 c3 49. Kxc3 f5 50. gxf5 Kf7 51. fxe6+ Kxe6 52. Kb3 Ra1 53. Rxa1 Kf5 54.
Rf1+ Kxg5 55. e6 Kxh6 56. e7 Kg5 57. e8=Q h5 58. Qe5+ Kh6 59. Bf8+ Kh7 60. Qg7#
1-0

[Event "Lichtenberger Sommer"]
[Site "Berlin"]
[Date "2009.08.20"]
[Round "6.95"]
[White "Pitz, Marko"]
[Black "Heldt, Ronny"]
[Result "1/2-1/2"]
[WhiteElo "1478"]
[BlackElo "1112"]
[PlyCount "36"]
[EventDate "2009.??.??"]
[WhiteTeam "Greifswalder SV"]
[BlackTeam "Treptower SV 1949 e.V."]

1. d4 d5 2. e4 e6 3. Nc3 Nf6 4. a3 Nxe4 5. Qd3 Nxc3 6. Qxc3 Bd7 7. Nf3 Be7 8.
Bd3 a6 9. O-O O-O 10. a4 Nc6 11. Qd2 Nb4 12. Be2 c5 13. c3 Nc6 14. Bd3 c4 15.
Bb1 Rb8 16. Qc2 g6 17. Bf4 Ra8 18. Re1 Bf6 1/2-1/2

[Event "Lichtenberger Sommer"]
[Site "Berlin"]
[Date "2009.08.20"]
[Round "6.96"]
[White "Gestrich, Wolfgang"]
[Black "Fege, Julian"]
[Result "1-0"]
[WhiteElo "1723"]
[BlackElo "1007"]
[PlyCount "107"]
[EventDate "2009.??.??"]
[WhiteTeam "Potsdamer SV Mitte e.V."]
[BlackTeam "SC Friesen Lichtenberg e.V."]

1. c4 e5 2. Nc3 Nc6 3. g3 Nf6 4. Bg2 Bc5 5. e3 d6 6. a3 a5 7. Nge2 Be6 8. d3
O-O 9. O-O d5 10. Nxd5 Nxd5 11. cxd5 Bxd5 12. e4 Be6 13. h3 Nd4 14. Nc3 Qd7 15.
Kh2 f5 16. exf5 Rxf5 17. Bxb7 Raf8 18. Ne4 Bb6 19. Ba6 Bb3 20. Bc4+ Bxc4 21.
dxc4 Nf3+ 22. Kg2 Qxd1 23. Rxd1 Nd4 24. c5 Ba7 25. b4 Nb3 26. Ra2 a4 27. Be3 c6
28. Rd6 Rc8 29. Nc3 Bb8 30. Rd1 e4 31. Nxe4 Be5 32. Nd6 Bxd6 33. Rxd6 Rd5 34.
Rxd5 cxd5 35. Bf4 d4 36. Kf3 Kf7 37. Ke2 Ke6 38. Kd3 Rf8 39. Re2+ Kd5 40. Re5+
Kc6 41. Re6+ Kd7 42. Rd6+ Kc8 43. Ra6 Kb7 44. Rxa4 g5 45. Kc4 gxf4 46. Kxb3
fxg3 47. fxg3 Rf3+ 48. Kc4 Rxg3 49. Kxd4 Rxh3 50. Ke4 Rg3 51. Kf4 Rg8 52. b5 h5
53. Kf5 Rd8 54. Rc4 1-0

[Event "Lichtenberger Sommer"]
[Site "Berlin"]
[Date "2009.08.20"]
[Round "6.97"]
[White "Stiewe, Frank"]
[Black "Kammler, Hans-Joachim"]
[Result "1-0"]
[WhiteElo "1372"]
[BlackElo "1276"]
[PlyCount "81"]
[EventDate "2009.??.??"]
[WhiteTeam "vereinslos"]
[BlackTeam "SG Eckturm"]

1. e4 e6 2. Nf3 d5 3. exd5 exd5 4. Be2 Bd6 5. O-O Nf6 6. b3 O-O 7. Bb2 Be6 8.
h3 Nbd7 9. d3 c5 10. Nbd2 Re8 11. Ba3 b6 12. c4 d4 13. Nxd4 cxd4 14. Bxd6 Rc8
15. Nf3 Nc5 16. Be5 Bf5 17. Bxd4 Nfd7 18. Qc2 Re6 19. Rad1 Rg6 20. Kh2 Ne6 21.
Be3 Nf6 22. Nh4 Nd4 23. Bxd4 Rxg2+ 24. Kxg2 Bxh3+ 25. Kxh3 Qxd4 26. Rg1 Qd7+
27. Kg2 Rc5 28. Kh2 Qd4 29. Kh3 h5 30. Qd2 Qd7+ 31. Kh2 Qd4 32. f4 Qf2+ 33. Kh3
Qd4 34. b4 Qd7+ 35. Kh2 Rc6 36. Bf3 Ng4+ 37. Kh1 Ne3 38. Kh2 Ng4+ 39. Bxg4 hxg4
40. Qg2 Rh6 41. Qxg4 1-0

[Event "Lichtenberger Sommer"]
[Site "Berlin"]
[Date "2009.08.20"]
[Round "6.98"]
[White "Schmalzried, Volker"]
[Black "Noakes, Günther"]
[Result "1-0"]
[WhiteElo "1875"]
[BlackElo "1059"]
[PlyCount "39"]
[EventDate "2009.??.??"]
[WhiteTeam "Umweltbundesamt"]
[BlackTeam "SF Hamburg eV 1934"]

1. c4 e5 2. Nc3 Bb4 3. g3 Bxc3 4. bxc3 d6 5. Bg2 Ne7 6. Nf3 Nbc6 7. O-O b6 8.
d4 e4 9. Ng5 f5 10. f3 h6 11. Nh3 exf3 12. Bxf3 Bb7 13. Nf4 Qd7 14. Bh5+ Kf8
15. e4 Kg8 16. exf5 Rf8 17. c5 dxc5 18. Qb3+ Kh7 19. Bg6+ Nxg6 20. fxg6# 1-0

[Event "Lichtenberger Sommer"]
[Site "Berlin"]
[Date "2009.08.20"]
[Round "6.99"]
[White "Hübner, Alan-Ari"]
[Black "Glase, Johan"]
[Result "1-0"]
[WhiteElo "1145"]
[BlackElo "964"]
[PlyCount "119"]
[EventDate "2009.??.??"]
[WhiteTeam "KSC Strausberg Abt. Schach"]
[BlackTeam "SC Friesen Lichtenberg e.V."]

1. d4 d5 2. c4 e6 3. Nc3 Nf6 4. Nf3 Bb4 5. e3 Ne4 6. Qc2 b6 7. a3 Bxc3+ 8. bxc3
c5 9. Bd3 Nf6 10. O-O O-O 11. Re1 Bb7 12. Rb1 Bc6 13. a4 Nbd7 14. Ba3 Re8 15.
cxd5 Bxd5 16. c4 Bc6 17. e4 cxd4 18. Nxd4 Bb7 19. e5 Nxe5 20. Rxe5 Qxd4 21.
Ree1 Qg4 22. f3 Qd4+ 23. Kf1 e5 24. Red1 Qe3 25. Bc1 Qc5 26. Re1 Qd4 27. Bb2
Qh4 28. Bxe5 Nd7 29. Bg3 Qh5 30. Rb5 Rxe1+ 31. Kxe1 Re8+ 32. Kf2 Ne5 33. Rxe5
Rxe5 34. Bxe5 Qxe5 35. Bxh7+ Kf8 36. Be4 Bxe4 37. Qxe4 Qxh2 38. Qa8+ Ke7 39.
Qxa7+ Ke8 40. Qxb6 Qh4+ 41. Ke3 Qxc4 42. Qb5+ Qxb5 43. axb5 Kd7 44. Kd4 Kd6 45.
b6 Kc6 46. Ke5 Kxb6 47. Kd6 f5 48. Ke5 g6 49. Kf6 g5 50. Kxg5 Kc5 51. Kxf5 Kd5
52. g4 Kd6 53. Kf6 Kd7 54. g5 Ke8 55. g6 Kf8 56. g7+ Kg8 57. f4 Kh7 58. Kf7 Kh6
59. g8=Q Kh5 60. Qg5# 1-0

[Event "Lichtenberger Sommer"]
[Site "Berlin"]
[Date "2009.08.20"]
[Round "6.100"]
[White "Jiranek, Benno"]
[Black "Schröder, Gert"]
[Result "1-0"]
[WhiteElo "1206"]
[BlackElo "1154"]
[PlyCount "65"]
[EventDate "2009.??.??"]
[WhiteTeam "SC Kreuzberg e.V."]
[BlackTeam "SV Königsjäger Süd-West e.V."]

1. d4 Nf6 2. c4 c6 3. Nc3 e6 4. e4 d5 5. Bg5 dxe4 6. Bxf6 Qxf6 7. Nxe4 Bb4+ 8.
Ke2 Qf4 9. f3 O-O 10. Nh3 Qc7 11. c5 b6 12. a3 Na6 13. axb4 Nxb4 14. Nd6 Bd7
15. f4 a5 16. Kf2 Qa7 17. Qc1 e5 18. fxe5 bxc5 19. dxc5 f6 20. Bc4+ Nd5 21.
Bxd5+ cxd5 22. Rf1 fxe5+ 23. Kg1 Rxf1+ 24. Kxf1 Qa6+ 25. Kg1 h6 26. Nf2 e4 27.
Qd2 Qa7 28. Qxd5+ Kh8 29. Nf7+ Kh7 30. Qxe4+ g6 31. Qe7 g5 32. Ne5+ Kh8 33.
Qf6+ 1-0

[Event "Lichtenberger Sommer"]
[Site "Berlin"]
[Date "2009.08.20"]
[Round "6.101"]
[White "Stadelmann, Bernd"]
[Black "Lippianowski, Stefan"]
[Result "1-0"]
[WhiteElo "1409"]
[BlackElo "936"]
[PlyCount "79"]
[EventDate "2009.??.??"]
[WhiteTeam "SC Freibauer Schöneberg"]
[BlackTeam "Treptower SV 1949 e.V."]

1. d4 d5 2. e4 Nf6 3. f3 a6 4. e5 Ng8 5. Bd3 e6 6. Be3 Nc6 7. c3 Be7 8. Ne2
Bh4+ 9. g3 Be7 10. f4 Nh6 11. O-O Ng4 12. Qd2 Na5 13. h3 Nh6 14. Bf2 Nf5 15.
Kh2 Nc4 16. Qc1 c6 17. b3 Nb6 18. Ng1 g5 19. g4 Ng7 20. Be3 f5 21. exf6 Bxf6
22. fxg5 Be7 23. Nf3 Qc7+ 24. Bf4 Bd6 25. Bxd6 Qxd6+ 26. Ne5 Bd7 27. Rf7 O-O-O
28. Rxg7 Rdf8 29. Kg2 Be8 30. g6 Rfg8 31. Rxg8 Rxg8 32. gxh7 Rh8 33. Qh6 Nd7
34. Qg7 Qf8 35. Qxf8 Nxf8 36. Nd2 Nxh7 37. Rf1 Ng5 38. Ndf3 Nxh3 39. Kg3 Kc7
40. Rh1 1-0

[Event "Lichtenberger Sommer"]
[Site "Berlin"]
[Date "2009.08.21"]
[Round "7.1"]
[White "Von Herman, Ulf"]
[Black "Kalinitschew, Sergey"]
[Result "1/2-1/2"]
[WhiteElo "2400"]
[BlackElo "2488"]
[PlyCount "85"]
[EventDate "2009.??.??"]
[WhiteTeam "SK König Tegel 1949 e.V."]
[BlackTeam "SK Zehlendorf e.V."]

1. d4 Nf6 2. Nf3 e6 3. c4 b6 4. g3 Bb4+ 5. Bd2 Be7 6. Bg2 c6 7. O-O d5 8. Nc3
O-O 9. Bf4 Bb7 10. Ne5 Nbd7 11. e4 Nxe5 12. dxe5 Nxe4 13. Nxe4 dxe4 14. Qg4 g6
15. Bh6 Re8 16. Qxe4 Qc7 17. h4 Rab8 18. Qf4 Red8 19. Rfd1 c5 20. Bxb7 Qxb7 21.
Bg5 a6 22. Bf6 Qa7 23. h5 b5 24. Rxd8+ Rxd8 25. Qg5 Re8 26. Rd1 Bf8 27. Qf4 Qb7
28. b3 bxc4 29. hxg6 fxg6 30. Qxc4 Qb5 31. Qe4 Rc8 32. Qg4 Kf7 33. Qf4 Kg8 34.
Rc1 Rc7 35. Qe4 Rd7 36. Qg4 Qc6 37. Rd1 Kf7 38. Rxd7+ Qxd7 39. Qc4 Qd1+ 40. Qf1
Qxf1+ 41. Kxf1 Be7 42. Bxe7 Kxe7 43. Ke2 1/2-1/2

[Event "Lichtenberger Sommer"]
[Site "Berlin"]
[Date "2009.08.21"]
[Round "7.2"]
[White "Rabiega, Robert"]
[Black "Meißner, Hans-Jürgen"]
[Result "1-0"]
[WhiteElo "2551"]
[BlackElo "2213"]
[PlyCount "91"]
[EventDate "2009.??.??"]
[WhiteTeam "SK König Tegel 1949 e.V."]
[BlackTeam "SV Empor Berlin e.V."]

1. e4 c5 2. c3 Nf6 3. e5 Nd5 4. Nf3 d6 5. d4 cxd4 6. cxd4 e6 7. Bc4 Be7 8. Qe2
O-O 9. O-O Nc6 10. Nc3 Nxc3 11. bxc3 dxe5 12. dxe5 Qa5 13. Bd2 Rd8 14. Rfe1 Bd7
15. Bb3 Be8 16. Qe4 Qc7 17. Bg5 h6 18. Be3 Bf8 19. Rac1 g6 20. Qh4 Nxe5 21.
Bxh6 Nxf3+ 22. gxf3 Bxh6 23. Qxh6 Qe7 24. Re4 Qf6 25. Rce1 Rd6 26. R1e3 Rad8
27. Rf4 Qg7 28. Qg5 Bc6 29. Rf6 Bd5 30. c4 Bc6 31. c5 Rd5 32. Bxd5 Rxd5 33. Re5
Rxe5 34. Qxe5 a6 35. Qg5 Bd5 36. a3 Qh8 37. Qf4 Qh7 38. h4 Kf8 39. Kg2 Ke7 40.
Qg5 Kd7 41. Qe5 Ke7 42. Rf4 Ke8 43. Qf6 Qg8 44. Rd4 Qf8 45. c6 bxc6 46. Rb4 1-0

[Event "Lichtenberger Sommer"]
[Site "Berlin"]
[Date "2009.08.21"]
[Round "7.3"]
[White "Brüdigam, Martin"]
[Black "Syska, Albert"]
[Result "1-0"]
[WhiteElo "2249"]
[BlackElo "2268"]
[PlyCount "61"]
[EventDate "2009.??.??"]
[WhiteTeam "USV Potsdam e.V., Abt. Schach"]
[BlackTeam "SK 1879 HD-Handschuhsheim"]

1. e4 c5 2. Nf3 d6 3. c3 Nf6 4. Be2 Nbd7 5. Qc2 Qc7 6. O-O b6 7. d3 g6 8. Be3
Bb7 9. Nbd2 Bg7 10. Ng5 d5 11. f4 dxe4 12. dxe4 O-O 13. Rae1 h6 14. Nh3 Qc6 15.
Bf3 e5 16. Nf2 Ba6 17. c4 Bb7 18. f5 Rfe8 19. g4 gxf5 20. gxf5 Nh7 21. Kh1 Kh8
22. Rg1 Rg8 23. Nb1 Bf6 24. Bxh6 Bg5 25. Bxg5 Nxg5 26. Rg3 Nf6 27. Nc3 Qd7 28.
Qc1 Qd4 29. Rxg5 Qxf2 30. Rh5+ Kg7 31. Qh6# 1-0

[Event "Lichtenberger Sommer"]
[Site "Berlin"]
[Date "2009.08.21"]
[Round "7.4"]
[White "Klundt, Klaus"]
[Black "Sieglen, Joachim"]
[Result "1-0"]
[WhiteElo "2333"]
[BlackElo "2339"]
[PlyCount "111"]
[EventDate "2009.??.??"]
[WhiteTeam "vereinslos"]
[BlackTeam "SV Marbach"]

1. e4 e6 2. d4 d5 3. Nd2 c5 4. Ngf3 cxd4 5. exd5 Qxd5 6. Bc4 Qd6 7. O-O Nf6 8.
Nb3 Nc6 9. Nbxd4 Nxd4 10. Nxd4 a6 11. c3 Qc7 12. Bb3 Bd6 13. h3 O-O 14. Qe2 h6
15. Be3 e5 16. Nf3 b6 17. Rad1 Bb7 18. Nh4 Rfd8 19. Nf5 Bf8 20. Qc4 Qxc4 21.
Bxc4 b5 22. Bb3 Nd5 23. Bc1 Nf4 24. Bxf4 exf4 25. Rfe1 g6 26. Ne7+ Kg7 27. Bd5
Bxd5 28. Nxd5 Bd6 29. Kf1 g5 30. Rd3 Rab8 31. Red1 Bf8 32. Nxf4 Rxd3 33. Nxd3
Rd8 34. Ke2 Kf6 35. a4 bxa4 36. Ra1 a3 37. b4 a5 38. Rxa3 axb4 39. cxb4 Ke6 40.
Ra5 Rb8 41. Re5+ Kf6 42. Re4 Bd6 43. Kd2 Rc8 44. g4 Ra8 45. Kc3 Ra3+ 46. Kc4
Bf8 47. Re3 Ra8 48. Nc5 Kg7 49. Rf3 Rd8 50. Rd3 Ra8 51. Rf3 Ra1 52. Rc3 Rb1 53.
b5 Rb2 54. Nd3 Rb1 55. Rb3 Rh1 56. Kd5 1-0

[Event "Lichtenberger Sommer"]
[Site "Berlin"]
[Date "2009.08.21"]
[Round "7.6"]
[White "Escher, Clemens"]
[Black "Meister, Jakob"]
[Result "0-1"]
[WhiteElo "2193"]
[BlackElo "2484"]
[PlyCount "62"]
[EventDate "2009.??.??"]
[WhiteTeam "SK König Tegel 1949 e.V."]
[BlackTeam "SK Zehlendorf e.V."]

1. d4 Nf6 2. c4 e6 3. Nc3 Bb4 4. Qc2 O-O 5. a3 Bxc3+ 6. Qxc3 d6 7. Bg5 h6 8.
Bh4 Nbd7 9. f3 e5 10. d5 c6 11. e4 cxd5 12. Bxf6 Nxf6 13. cxd5 Bd7 14. Qb4 Qc7
15. Ne2 a5 16. Qd2 b5 17. g4 Rfc8 18. h4 Qc2 19. Nc3 Qb3 20. Bd3 b4 21. Ne2
bxa3 22. Rxa3 Qb6 23. g5 Nh5 24. gxh6 g6 25. f4 Kh7 26. f5 Rg8 27. Qg5 Qxb2 28.
Qe7 Qxa3 29. Qxf7+ Kxh6 30. Qe7 gxf5 31. exf5 Rg7 0-1

[Event "Lichtenberger Sommer"]
[Site "Berlin"]
[Date "2009.08.21"]
[Round "7.7"]
[White "Schatz, Dieter"]
[Black "Carlstedt, Jonathan"]
[Result "1-0"]
[WhiteElo "2203"]
[BlackElo "2309"]
[PlyCount "101"]
[EventDate "2009.??.??"]
[WhiteTeam "SK Landau"]
[BlackTeam "Hamburger SK von 1830 eV"]

1. e4 c5 2. Nf3 d6 3. d4 cxd4 4. Qxd4 a6 5. c4 Nc6 6. Qe3 Nf6 7. Nc3 e6 8. Be2
Be7 9. Rb1 d5 10. e5 d4 11. Qf4 dxc3 12. exf6 Bxf6 13. b4 O-O 14. O-O e5 15.
Qe4 Nd4 16. Nxd4 exd4 17. Bd3 g6 18. Qf3 Re8 19. Bf4 Qe7 20. c5 Bg7 21. Qg3 Be6
22. a4 Ba2 23. Ra1 Bd5 24. h4 Qd7 25. h5 Bc6 26. h6 Bf6 27. Rfe1 Qd5 28. b5 Bd7
29. Bd6 axb5 30. axb5 Rxa1 31. Rxa1 Bc8 32. Ra8 b6 33. c6 Qh5 34. Qh3 Qxh3 35.
gxh3 Rd8 36. Bc7 Rf8 37. Bxb6 Bxh3 38. Rxf8+ Kxf8 39. Bc5+ Ke8 40. b6 Be5 41.
c7 f6 42. Bxd4 Kd7 43. Bxe5 fxe5 44. Bxg6 hxg6 45. h7 c2 46. c8=Q+ Kxc8 47.
h8=Q+ Kb7 48. Qh6 Bf5 49. Qe3 Bd3 50. f3 Kc6 51. Kf2 1-0

[Event "Lichtenberger Sommer"]
[Site "Berlin"]
[Date "2009.08.21"]
[Round "7.8"]
[White "Muse, Drazen"]
[Black "Magnussen, Helge"]
[Result "1-0"]
[WhiteElo "2374"]
[BlackElo "2056"]
[PlyCount "65"]
[EventDate "2009.??.??"]
[WhiteTeam "SK König Tegel 1949 e.V."]
[BlackTeam "SV Empor Berlin e.V."]

1. d4 d5 2. c4 e6 3. Nc3 Nf6 4. Bg5 c6 5. e3 Nbd7 6. a3 Be7 7. Nf3 O-O 8. Bd3
a6 9. cxd5 exd5 10. Qc2 Re8 11. O-O Nf8 12. h3 Be6 13. Na4 Ne4 14. Bxe7 Rxe7
15. Nc5 f5 16. Nxe6 Rxe6 17. Ne5 Ng6 18. f3 Qg5 19. f4 Qg3 20. Rf3 Qh4 21. Bxe4
Nxe5 22. fxe5 fxe4 23. Rf4 Qg5 24. Qf2 Ree8 25. Rf1 Qd8 26. Qg3 Qe7 27. Qg4 Rf8
28. Rf6 Rad8 29. R1f2 Rxf6 30. exf6 Qd7 31. f7+ Kf8 32. Qh5 Ke7 33. Qh4+ 1-0

[Event "Lichtenberger Sommer"]
[Site "Berlin"]
[Date "2009.08.21"]
[Round "7.9"]
[White "Kohler, Thomas"]
[Black "Bach, Matthias"]
[Result "1/2-1/2"]
[WhiteElo "2241"]
[BlackElo "2307"]
[PlyCount "47"]
[EventDate "2009.??.??"]
[WhiteTeam "SC Zitadelle Spandau 1977 e.V."]
[BlackTeam "Hamburger SK von 1830 eV"]

1. Nf3 d5 2. c4 e6 3. g3 c5 4. Bg2 Nf6 5. O-O Be7 6. cxd5 exd5 7. d4 O-O 8.
dxc5 Bxc5 9. Bg5 Nc6 10. Nc3 d4 11. Bxf6 Qxf6 12. Ne4 Qe7 13. Nxc5 Qxc5 14. Qd2
Re8 15. Rfd1 Bf5 16. Rac1 Qb6 17. Qf4 Bg6 18. Nxd4 Nxd4 19. Qxd4 Rxe2 20. Qxb6
axb6 21. Bxb7 Rb8 22. Bd5 Rxb2 23. Rc7 h6 24. Rd4 1/2-1/2

[Event "Lichtenberger Sommer"]
[Site "Berlin"]
[Date "2009.08.21"]
[Round "7.10"]
[White "Friedrich, Wiede"]
[Black "Solonar, Stefan"]
[Result "1/2-1/2"]
[WhiteElo "2087"]
[BlackElo "2364"]
[PlyCount "72"]
[EventDate "2009.??.??"]
[WhiteTeam "USV Potsdam e.V., Abt. Schach"]
[BlackTeam "SC Heusenstamm"]

1. e4 g6 2. d4 Bg7 3. Nf3 d6 4. c4 Nd7 5. Bg5 h6 6. Be3 e5 7. Nc3 Ngf6 8. dxe5
dxe5 9. h3 O-O 10. Qd2 Kh7 11. g4 c6 12. g5 hxg5 13. Nxg5+ Kg8 14. Be2 Qe7 15.
h4 Nh5 16. Bxh5 gxh5 17. O-O-O Nf6 18. f3 Ne8 19. Nh3 f6 20. Bh6 Kh7 21. Bxg7
Nxg7 22. Nf2 Be6 23. b3 a5 24. Qd6 Qf7 25. f4 Rfd8 26. Qc5 exf4 27. e5 Qf8 28.
Qxf8 Rxf8 29. exf6 Rxf6 30. Nce4 Rg6 31. Nd3 Rf8 32. Ng5+ Kh6 33. Rdf1 f3 34.
Ne5 Rgf6 35. Rxf3 Rxf3 36. Nexf3 Bg8 1/2-1/2

[Event "Lichtenberger Sommer"]
[Site "Berlin"]
[Date "2009.08.21"]
[Round "7.11"]
[White "Petersen, Soren Boeck"]
[Black "Küster, Manfred"]
[Result "1-0"]
[WhiteElo "2263"]
[BlackElo "1903"]
[PlyCount "47"]
[EventDate "2009.??.??"]
[WhiteTeam "Danmarks Radio Skakklub"]
[BlackTeam "BSC Rehberge 1945 e.V."]

1. e4 d5 2. exd5 Qxd5 3. Nc3 Qa5 4. d4 Nf6 5. Nf3 Bf5 6. Bc4 e6 7. Bd2 c6 8.
Nd5 Qd8 9. Nxf6+ gxf6 10. Bb3 Nd7 11. Qe2 Nb6 12. O-O-O a5 13. a3 a4 14. Ba2
Qc7 15. Nh4 Bg6 16. g3 O-O-O 17. Ba5 Kb8 18. f4 c5 19. d5 Bh6 20. dxe6 fxe6 21.
Nxg6 hxg6 22. Qxe6 Ka7 23. Qxf6 Bg7 24. Bxb6+ 1-0

[Event "Lichtenberger Sommer"]
[Site "Berlin"]
[Date "2009.08.21"]
[Round "7.12"]
[White "Kühnemund, Lutz"]
[Black "Kachibadze, Georg"]
[Result "0-1"]
[WhiteElo "1924"]
[BlackElo "2224"]
[PlyCount "54"]
[EventDate "2009.??.??"]
[WhiteTeam "SC Friesen Lichtenberg e.V."]
[BlackTeam "SK König Tegel 1949 e.V."]

1. b4 e5 2. Bb2 d6 3. e3 Be7 4. c4 f5 5. Nc3 Nf6 6. Be2 O-O 7. f4 exf4 8. exf4
d5 9. c5 a5 10. a3 Ne4 11. Nh3 b6 12. d4 axb4 13. axb4 Rxa1 14. Qxa1 Bf6 15.
Nxe4 fxe4 16. Nf2 Nc6 17. b5 Nb4 18. O-O Nc2 19. Qa4 Ne3 20. Rc1 g5 21. cxb6
cxb6 22. Ba3 Rf7 23. Bh5 Rc7 24. Nxe4 dxe4 25. Qb3+ Nc4 26. Be2 Qxd4+ 27. Kf1
Be6 0-1